000 00398 a2200133 4500
001 88100
082 _aPR 339
090 _c41511
_d41511
100 _aImran Sarwar, 005916
245 _aTo develop database software for recording / updating maintenance data at PFT flight line
260 _aRisalpur
_bNUST Risalpur
_c2004
300 _avi, 74p.
_eMuhammad Anwar, Dr
500 _aBE Project Reports
942 _aCAE NUST
_kPR 339
999 _c323173
_d323173